| 000 | 00367nam a2200133Ia 4500 | ||
|---|---|---|---|
| 008 | 231129s2004||||xx |||||||||||||| ||spa|| | ||
| 020 | _a958-04-82010-2 | ||
| 082 | _a(i)460.7 P976c | ||
| 100 | _aPumarejo Olivella Maribel. | ||
| 245 | 0 | _aCompetencia Ortográfica | |
| 260 | _c2004 | ||
| 264 | _aBogotá: Norma. | ||
| 942 |
_2ddc _cBKS |
||
| 999 |
_c7737 _d7737 |
||